000 00790nam a2200193 a 4500
003 0
005 20250521150838.0
008 030519s19uu xx 00 eng d
050 _aPHS LB 2831.9
_b.D44 2003
100 _ade Guzman, Kenneth H.
245 _aThe Effectiveness of the SIS parent's bulletin as a source of information for he parents of SIS 4th year high school students S.Y. 2002-2003 /
_cKenneth H. de Guzman.
260 _aLas PiƱas City, Philippines :
_bSouthville International School and Colleges,
_c2003.
300 _aunnumbered pages :
_billustrations ;
_c28 cm.
504 _aIncludes bibliographical references.
650 _aParent-teacher relationships.
650 _aSchool newsletters.
650 _aInformation dissemination
_zPhilippines.
942 _2lcc
_cPASS
999 _c96780
_d96780